| 000 | 00824am a2200301a 44500 | ||
|---|---|---|---|
| 003 | AR-BaBNM | ||
| 005 | 20251128211010.0 | ||
| 008 | 020607s2001 #AR|||||||||||000 | spa|| | ||
| 020 | _a84-249-2522-X | ||
| 040 | _cAR-BaBNM | ||
| 100 | 0 | _aEstrabón | |
| 245 | 1 | 0 |
_aGeografía _blibros II-III |
| 260 |
_aMadrid _bGredos _c2001 |
||
| 300 | _axli, 260 p. | ||
| 490 | 0 |
_aBiblioteca básica Gredos _vv. 56 |
|
| 650 | 4 | _aGEOGRAFIA | |
| 650 | 4 | _aHISTORIA ANTIGUA | |
| 650 | 4 | _aCIUDADES ANTIGUAS | |
| 650 | 4 | _aCULTURA ANTIGUA | |
| 650 | 4 | _aGEOGRAFIA HISTORICA | |
| 651 | 4 | _aGrecia | |
| 700 | 1 |
_aGómez Espelosín, F. Javier _eprologuista |
|
| 700 | 1 |
_aGarcía Ramón, J.L. _etraductor |
|
| 700 | 1 |
_aGarcia Blanco, J. _etraductor |
|
| 700 | 1 |
_aMeana Cubero, María J. _etraductor |
|
| 942 | _cBK | ||
| 998 | _cmartín | ||
| 999 |
_c17820 _d17820 |
||